| 000 | 00752cam a22002171 4500 | ||
|---|---|---|---|
| 001 | 2645123 | ||
| 005 | 20090828130536.0 | ||
| 008 | 711012s1967 nyu | b i000 0 eng d | ||
| 010 | _a 67029937 | ||
| 040 |
_aDLC _cDLC _dDLC |
||
| 050 | 0 | 0 |
_aJX1977 _b.K35 |
| 082 | 0 | 0 |
_a341.23 _222 _bKAY |
| 245 | 1 | 4 |
_aThe United Nations Political System, _cEdited by David A. Kay. |
| 260 |
_aNew York: _bJohn Wiley,1967 _c1967 |
||
| 300 |
_a419 p.; _c24 cm. |
||
| 500 | _aDonated By Alaa Abd ElGhany | ||
| 610 | 2 | 0 |
_aUnited Nations. _910215 |
| 700 |
_910214 _aKay, David A., _d1940- |
||
| 942 |
_2ddc _cBB |
||
| 999 |
_c13099 _d13099 |
||